000 00571nam a2200217Ia 4500
005 20250923145835.0
008 008 250917s9999 xx 000 0 eng d
037 _aTextual
040 _aDSWL
_beng
_cDSWL
041 _aeng
_2eng
084 _aY:434, N89
_qDSWL
100 _aDreze, J.
_9839481
245 0 _aHunger and public action
_c by J. Dreze
260 _aNew Delhi
_bOxford
_c1989
300 _axviii,373p.
365 _aINR
_b275
700 _a A. Sen
_9839482
925 _g275
942 _cTEXL
_hY:434, N89
999 _c1456359
_d1456359